000 00277nam a22001337a 4500
008 170613b xxu||||| |||| 00| 0 eng d
020 _a2900767914122
041 _aeng
080 _a32
100 _a19
101 _aSHP
245 _aTHE NATURAL
_cKLEIN,J
942 _2udc
_cBK
999 _c17086
_d17086